Statistics for Members of All NCT Units (K-Pop)

Click here to take the quiz!

General Stats

  • This quiz has been taken 2,161 times
    (399 since last reset)
  • The average score is 19 of 21

Answer Stats

Answer % Correct
Mark
98%
Johnny
97%
Taeyong
97%
Ten
95%
Taeil
95%
Lucas
94%
Haechan
93%
WinWin
93%
Jisung
93%
Chenle
92%
Jaemin
92%
Yuta
91%
Jaehyun
91%
Jeno
89%
Doyoung
88%
Jungwoo
86%
Renjun
85%
Kun
85%
Hendery
80%
YangYang
80%
Xiaojun
77%

Score Distribution

Percentile by Number Answered

Percent of People with Each Score

Your Score History

You have not taken this quiz since the last reset